Statistiques concernant Thèmes transversaux Antimonde

Cliquez ici pour prendre le quiz!

Statistiques générales

  • Ce quiz a été pris 0 fois
  • Le résultat moyen est 0 sur 27

Statistiques - réponses

HintRéponse% Correct
coût de la corruption en UE120 milliards d'euros par an, soit 1% du PIB de l'Union
0%
CA drogues320 Milliards de dollars
0%
% du PIB mondial lié aux activités illégales (estimations)3,6 %
0%
estimations esclavage moderne40 millions de personnes dans le monde
0%
estimation CA contrefaçons500 milliards de dollars en 2016 (10 à 12% du commerce mondial)
0%
Deux états faillis ou fragilesafghanistan et libye
0%
espaces de consommationAmérique du Nord (USA notamment); Europe
0%
lieux de l'antimonde (approche multiscalaire)casinos, bars et restaurants clandestins
0%
exemple de mafiaCosa Nostra (Sicile), Camorra (Naples)
0%
==> définitioncrime commis par une personne respectable, de statut social élévé et dans son cadre professionnel
0%
Edwin Sutherland (terme)crime en col blanc
0%
espaces de productions droguecroissant d'or (Afghanistan, Iran, Pakistan), région andine (Colombie, Pérou, Bolivie), Triangle d'or (Birmanie, Laos, Thaïlande)
0%
Gaïdz Minassian (propos)développement d'activités informelles ou criminelles dans des "zones grises" de la mondialisation, mais à proximité d'espaces dynamiques dont il profite
0%
définition zones grisesespaces de dérégulation sociale, de nature politique ou socio-économique, où les institutions centrales ne parviennent pas à affirmer leur domination, laquelle est assurée par des micro-autorités alternatives.
0%
Alain Tarrius (propos)étudie une autre facette de la mondialisation, quelle qui s'effectue "par le bas", celle des "fourmis" qui se développent aux interstices et dans "les espaces mous" de l'économique marchande
0%
Xavier Raufer (titre)géopolitique du crime organisé
0%
Xavier Raufer (propos)la criminalité organisée transnationale jouit d'une "aristocratie criminelle" des mafias.
0%
Alain Tarrius (titre)La mondialisation par le Bas. Les nouveaux nomades de l'économie souterraine
0%
Jean-François Gayraud (titre)Le Monde des mafias. Géopolitique du crime organisé
0%
EDC possible"l'Etat mafieux" russe
0%
lieux de piraterieMalacca; Golfe d'Aden; Golfe de Guinée
0%
ONUDCOffice des Nations Unies contre la Drogue et le Crime (création 1997)
0%
caracteristiques des mafiasorganisation structurée/hierarchie; violence: à la croisée des sphères légales et illégales; liens avec la classe politique et les institutions locales; ancrage territorial
0%
définition antimonde Roger Brunetpartie du monde mal connue et qui tient à le rester, qui se présente à la fois comme un négatif du monde et son double indispensable
0%
Jean-François Gayraud (propos)souligne l'importance des liens avec le gouvernement états-unien.
0%
explication de cette edcterme employé par le procureur espagnol Jose Grinda Gonzales, qui a poursuivi des dizaines de Russes pour blanchiment d'argent, fraude et proxénitisme, permet d'illustrer la symbiose qui règne entre crime organisé et entités politiques
0%
Gaïdz Minassian (titre)zones grises: quand les Etats perdent le contrôle
0%

Distribution des résultats

Percentile par nombre de réponses

% des personnes avec chaque résultat

Votre développement - résultats

Vous n’avez pas pris ce quiz